Statistics for Piece the Countries Together

Click here to take the quiz!

General Stats

  • This quiz has been taken 33 times
  • The average score is 9 of 13

Answer Stats

First HintSecond HintCountry% Correct
Barbie's boyfriendNonstandard spelling of "you"Kenya
89%
What the Scrooge saysPrecipitationBahrain
79%
Short for robotsShort for "want to"Botswana
79%
"Yes" in GermanSkilletJapan
79%
Shawl synonymGreen in SpanishCape Verde
75%
First person singularMoved at a speed faster than a walkIran
75%
What the ghost saysSkin darkened by sunlightBhutan
68%
Fish appendageTerra FirmaFinland
68%
Attila the ...Michael Jackson's hometownHungary
64%
High-pitched sound uttered by a horseSynonym for "friend"Nepal
57%
What the sheep saysPalestinian Islamic fundamentalist movementBahamas
54%
Soft sound made by a dove, pigeon or babyTo remain stationary in readinessKuwait
50%
An offense against religious or moral lawUSA national birdSenegal
36%

Score Distribution

Percentile by Number Answered

Percent of People with Each Score

Your Score History

You have not taken this quiz